Statistiques concernant Départements français qui battent la Suisse

Cliquez ici pour prendre le quiz!

Statistiques générales

  • Ce quiz a été pris 4 473 fois
    (4 470 depuis la dernière actualisation)
  • Le résultat moyen est 9 sur 18

Statistiques - réponses

RangCatégorieDépartements% Correct
2Point culminant le plus élevéHaute-Savoie
88%
2Plus grande superficieGuyane
81%
5Plus grande ville commençant par "L"Rhône | Nord | Seine-Maritime | Sarthe
79%
3Plus riche par habitantHauts-de-Seine | Paris
77%
2Plus grande ville sur le RhinBas-Rhin
62%
3Plus orientalLa Réunion | Mayotte
62%
2Frontalier du plus petit paysAlpes-Maritimes
58%
2Premier à accueillir des Jeux Olympiques
d'hiver
Haute-Savoie
58%
2Plus grande ville dans les AlpesIsère
57%
2Plus grande ville commençant par "B"Gironde
56%
3Aéroport le plus fréquentéVal-d'Oise | Val-de-Marne
50%
2Plus grande superficie forestièreGuyane
33%
2Plus ancienne remontée mécaniqueHautes-Alpes
33%
2Lieu de naissance du meilleur skieur
(alpin, coupe du monde 2021)
Savoie
33%
2Plus peuplé en 1900*Seine
23%
2Plus deviné sur JetPunkLoire
21%
2Premier à accueillir une finale de coupe
du monde de football
Hauts-de-Seine
19%
2Centrale photovoltaïque la plus puissanteGironde
8%

Distribution des résultats

Percentile par nombre de réponses

% des personnes avec chaque résultat

Votre développement - résultats

Vous n’avez pas pris ce quiz depuis la dernière actualisation